Les méthodes de la chimie organique (Record no. 134180)

MARC details
000 -LEADER
campo de control de longitud fija 00827nam a22002411i 4500
001 - NÚMERO DE CONTROL
campo de control 134180
003 - IDENTIFICADOR DE NÚMERO DE CONTROL
campo de control ES-MaACL
005 - FECHA Y HORA DE LA ÚLTIMA TRANSACCIÓN
campo de control 20260215184531.0
007 - CAMPO FIJO DE DESCRIPCIÓN FÍSICA--INFORMACIÓN GENERAL
campo de control de longitud fija t|
008 - DATOS DE LONGITUD FIJA--INFORMACIÓN GENERAL
campo de control de longitud fija 070906m19191921fr ||||0| fre d
016 7# - NÚMERO DE CONTROL DE UNA AGENCIA BIBLIOGRÁFICA NACIONAL
Número de control cancelado/no válido IND2000943749
040 ## - FUENTE DE CATALOGACIÓN
Centro catalogador/agencia de origen M-BN
Lengua de catalogación spa
Centro/agencia transcriptor CDM
100 1# - ENTRADA PRINCIPAL--NOMBRE DE PERSONA
Nombre de persona Weyl, Theodor,
Fechas asociadas al nombre 1851-1913
9 (RLIN) 152991
245 14 - MENCIÓN DEL TÍTULO
Título Les méthodes de la chimie organique
Resto del título : traité concernant les travaux de laboratoire /
Mención de responsabilidad, etc. par le Dr. Th. Weyl... ; traduit et augmenté par R. Cornubert... ; préface de A. Haller.
250 ## - MENCION DE EDICION
Mención de edición 2e éd.
260 ## - PUBLICACIÓN, DISTRIBUCIÓN, ETC.
Lugar de publicación, distribución, etc. Paris :
Nombre del editor, distribuidor, etc. Dunod,
Fecha de publicación, distribución, etc. 1919-1921.
300 ## - DESCRIPCIÓN FÍSICA
Extensión 4 v. :
Otras características físicas il ;
Dimensiones 28 cm.
650 #7 - PUNTO DE ACCESO ADICIONAL DE MATERIA--TÉRMINO DE MATERIA
Término de materia o nombre geográfico como elemento de entrada Química orgánica
Fuente del encabezamiento o término embne
9 (RLIN) 136799
700 1# - ENTRADA AGREGADA--NOMBRE PERSONAL
Nombre de persona Cornubert, R.
9 (RLIN) 40640
700 1# - ENTRADA AGREGADA--NOMBRE PERSONAL
Nombre de persona Haller, Albin,
Fechas asociadas al nombre 1849-1925
9 (RLIN) 61592
852 ## - LOCALIZACIÓN
Ubicación ES-MaACL
Número de control de estantería B-3856-59
Holdings
Estatus retirado Estado de pérdida Estado de daño No para préstamo Biblioteca de origen Biblioteca actual Ubicación en estantería Fecha de adquisición Fuente de adquisición Total de préstamos Signatura topográfica completa Código de barras Visto por última vez Precio de reemplazo Tipo de ítem Koha
        Biblioteca del Ateneo de Madrid Biblioteca del Ateneo de Madrid Sala Pardo Bazán 17/01/2008     B-3856-59 1139673 23/02/2023 23/02/2023 Libro impreso